02085nam a2200313 i 4500003000900000005001700009007000300026008004100029020001800070040003100088041000800119082001900127100004100146245016300187264004400350300002900394336002800423337003500451338003000486500006200516505073700578590002701315910000701342942001401349952012701363952013201490952013201622999001701754DO-SdBNP20250514090532.0ta250513b2024 dr ||||| |||| 00| 0 spa d a9789945290707 aDO-SdBNPbspacBNPHU erda aspa 4axxxbS211r2221 aSánchez, Erga,eautor4aut.98708510aInvierte e independízate con bienes raíces :b12 pasos claves invertir con confianza y obtener ingresos constantes durante toda tu vida /cErga Sánchez. 4aFlorida :bEscuela de Autores,c©2024. a296 páginas ;c23 cm.  atextobtxt2rdacontent  asin mediación bn2rdamedia  avolumen bnc2rdacarrier  aLa biblioteca posee 1 ejemplar autografiado por el autor. aIntroducción -- t¿Es o no es para mí la inversión inmobiliaria? --tEnfoque --tTengo recursos económicos suficientes para invertir en bienes raíces -- t¿Quién me acompaña en este proceso? --t¿Qué tipo de propiedad es la mas apropiada para mí? --t¿Visita y comparación de propiedades? --t¿Revisa la propiedad, haz inspecciones proceso de documentación? --t¿Cómo consigo el mejor precio para la propiedad elegida? --t¿Cuál es el proceso que debo seguir para obtener el financiamiento bancario o financiamiento con otras instituciones? --t¿Ya adquirí la propiedad? --t¿Qué medidas debo tomar para asegurar mi inversión?--t¿Disfruta tu inversión y de tu vida? --t¿Conclusión?-- aInventariado, 2025 /LP aLP 2ddccLBS1 00102ddc51708PDaBNPHUbBNPHUcCTd2024-11-15eDepósito Legall0oxxx S211rp2025-1334r2025-02-28w2025-02-28yLBS1 00102ddc51708PDaBNPHUbBNPHUcCTd2024-11-15eDepósito Legall0oxxx S211rp2025-1335r2025-02-28te.2w2025-02-28yLBS1 00102ddc56708DSaBNPHUbBNPHUcCTd2024-11-15eDepósito Legall0oxxx S211rp2025-1336r2025-02-28te.3w2025-02-28yLBS1 c58264d58264